| 000 | 00411nam a2200169Ia 4500 | ||
|---|---|---|---|
| 003 | 0STCL | ||
| 008 | 150530s9999 xx 000 0 und d | ||
| 040 |
_aSTCL _cSTCL |
||
| 100 | _aTiwari, V.S. | ||
| 245 | _aCadet s Hand Book, Specialised subject ARMY (For JD/ JW/ And SD/SW) | ||
| 260 |
_c2008 _aAluva |
||
| 300 | _a0 | ||
| 546 | _aEnglish | ||
| 942 |
_2ddc _cBK |
||
| 999 |
_c15694 _d15694 |
||
| 005 | 20220125165735.0 | ||